Oyuncuların Ülkesini Tahmin Etme - Statistics

General Stats
  • This quiz has been taken 3 757 times
  • The average score is 15 of 28
Answer Stats
Futbolcu Ülkesi % Correct
Lionel Messi Arjantin
98%
Kylian Mbappe Fransa
95%
Gerd Müller Almanya
92%
Pele Brezilya
92%
Wayne Rooney İngiltere
86%
Zlatan İbrahimovic İsveç
86%
Gareth Bale Galler
78%
Edinson Cavani Uruguay
74%
Johan Cruyff Hollanda
69%
Mohamed Salah Mısır
68%
Cristiano Ronaldo Portekiz
68%
Roberto Baggio İtalya
61%
David Villa İspanya
55%
Didier Drogba Fildişi Sahili
50%
Christian Pulisic Amerika
49%
Luka Modric Hırvatistan
49%
Andriy Shevchenko Ukrayna
45%
Hakan Çalhanoğlu Türkiye
43%
Sokratis Papastathopulos Yunanistan
32%
James Rodrigues Kolombiya
31%
Robbie Keane İrlanda
30%
George Best Kuzey İrlanda
25%
Sadio Mane Senegal
24%
Samuel Eto'o Kamerun
21%
Arturo Vidal Şili
21%
Pavel Nedved Çek Cumhuriyeti
20%
Kenny Dalglish İskoçya
11%
George Weah Liberya
11%
No matching quizzes found
Score Distribution
Percent of People with Each Score
Percentile by Number Answered
Your Score History
You have not taken this quiz